000 00854nam a2200265 i 4500
001 bg
245 0 0 _aMediaStudio Pro, VideoStudio, Cool 3D :
_bpodręcznik komputerowego montażu video /
_cHDP Electronics.
260 _aWrocław :
_bHDP Electronics,
_c2000.
300 _a96 s. :
_bil. ;
_c15 x 21 cm +
_eCD ROM.
490 1 _aProgramy Ulead Systems
650 9 _aMultimedia
_xpodręcznik
650 9 _aGrafika komputerowa
650 9 _aMediaStudio Pro
650 9 _aVideoStudio
650 9 _aCool 3D
655 _aPodręczniki
710 0 _aHDP Electronics
830 _aProgramy Ulead Systems
040 _cBPK
041 0 _apl
080 _a004.032.6:004.42:004.92
942 _cKS
008 s pl f |000 0 pol
856 _uhttp://koha.tu.koszalin.pl/cgi-bin/koha/opac-detail.pl?biblionumber=38600
_yKatalog online BPK
999 _c38600
_d38600